Patología fetal y neonatal / (Record no. 107225)

MARC details
000 -LEADER
campo de control de longitud fija 00524nam a2200169 4500
001 - NÚMERO DE CONTROL
campo de control 107225
003 - IDENTIFICADOR DE NÚMERO DE CONTROL
campo de control ES-MaACL
005 - FECHA Y HORA DE LA ÚLTIMA TRANSACCIÓN
campo de control 20230906184354.0
007 - CAMPO FIJO DE DESCRIPCIÓN FÍSICA--INFORMACIÓN GENERAL
campo de control de longitud fija t|
008 - DATOS DE LONGITUD FIJA--INFORMACIÓN GENERAL
campo de control de longitud fija 061121s1972 sp r ||||1| spa d
100 1# - ENTRADA PRINCIPAL--NOMBRE DE PERSONA
Nombre de persona Morison, J. Edgar.
9 (RLIN) 83579
245 10 - MENCIÓN DEL TÍTULO
Título Patología fetal y neonatal /
Mención de responsabilidad, etc. J. Edgar Morison ; versión de A. Garrido Juan.
260 ## - PUBLICACIÓN, DISTRIBUCIÓN, ETC.
Lugar de publicación, distribución, etc. Barcelona :
Nombre del editor, distribuidor, etc. Editorial Pediátrica,
Fecha de publicación, distribución, etc. 1972.
300 ## - DESCRIPCIÓN FÍSICA
Extensión XII, 736 p. :
Otras características físicas il. ;
Dimensiones 25 cm.
700 1# - ENTRADA AGREGADA--NOMBRE PERSONAL
Nombre de persona Garrido Juan, A.
9 (RLIN) 55707
852 ## - LOCALIZACIÓN
Ubicación ES-MaACL
Número de control de estantería C-43994
Sublocalización o colección R.83403
Holdings
Estatus retirado Estado de pérdida Estado de daño No para préstamo Biblioteca de origen Biblioteca actual Ubicación en estantería Fecha de adquisición Fuente de adquisición Total de préstamos Signatura topográfica completa Código de barras Visto por última vez Precio de reemplazo Tipo de ítem Koha
        Biblioteca del Ateneo de Madrid Biblioteca del Ateneo de Madrid Depósito 2 17/01/2008     C-43994 1111913 23/02/2023 23/02/2023 Libro impreso